American economic development : (رقم التسجيلة. 12505)
[ عرض عادي ]
| 000 -الفاتح | |
|---|---|
| حقل البيانات ثابتة الطول | 00801cam a22002651 4500 |
| 001 - رقم الضبط | |
| رقم الضبط | 6091724 |
| 003 - محدد رقم الضبط | |
| رقم الضبط | INP |
| 005 - وقت وتاريخ اخر تعامل مع التسجيلة | |
| رقم الضبط | 20260622100044.0 |
| 008 - عناصر البيانات ثابتة الطول - معلومات عامة | |
| حقل البيانات ثابتة الطول | 720331s1962 xx 000 0 eng |
| 040 ## - مصدر الفهرسة | |
| وكالة الفهرسة الأصلية | EG-INP |
| وكالة النسخ | EG-INP |
| لغة الفهرسة | eng |
| 082 04 - رقم تصنيف ديوى العشرى | |
| رقم الطبعة | 21 |
| رقم التصنيف | 338.9 |
| رقم المادة | L A |
| 100 1# - المدخل الرئيسى - إسم شخصى | |
| الإسم الشخصى | Levy, Lester Samuel. |
| 245 10 - بيان العنوان | |
| العنوان | American economic development : |
| العنوان الفرعي | growth of the U. S. in the Western World / |
| بيان المسئولية | Lester S. Levy, Roy J. Sampson. |
| 260 ## - بيانات النشر | |
| مكان الناشر او الموزع | Boston : |
| اسم الناشر او الموزع | Allyn and Bacon, |
| تاريخ النشر أو التوزيع | 1962. |
| 300 ## - الوصف المادى | |
| التعداد | 623 p. : |
| تفاصيل ماديه اخرى للوعاء | ill. ; |
| أبعاد الوعاء | 24 cm. |
| 504 ## - تبصرة ببليوجرافية | |
| تبصرة ببليوجرافية,الخ | Includes bibliography. |
| 650 #0 - المدخل الاضافى بالموضوع-مصطلح موضوعى | |
| مصطلح موضوعي كعنصر مدخل | Economic history. |
| 9 (RLIN) | 940 |
| 650 #0 - المدخل الاضافى بالموضوع-مصطلح موضوعى | |
| مصطلح موضوعي كعنصر مدخل | Economics |
| التقسيم الفرعي العام | History. |
| 651 #0 - المدخل الاضافى بالموضوع - اسم جغرافى | |
| الاسم الجغرافي | United States |
| التقسيم الفرعي العام | Economic conditions. |
| 700 1# - المدخل الاضافى - اسم شخصى | |
| الإسم الشخصى | Sampson, Roy J., |
| الدور | author. |
| 901 ## - عنصر بيانات محلىA, LDA (RLIN) | |
| كود المفهرس | EGPV3 |
| 902 ## - عنصر بيانات محلىB, LDB (RLIN) | |
| كود المراجع | EGPV10 |
| 903 ## - original or copycat | |
| a | copycat |
| حالة التراجع | المكان المؤقت | الموقع الحالى | نوع وعاء كوها |
|---|---|---|---|
| Library INP | Library INP | كتاب |
Institute of National Planning Catalog